Dead by Daylight - Statystyki

Ogólne statystyki
  • Ten quiz został rozwiązany 399 razy
  • Średni wynik to 26 z 48
Statystyki odpowiedzi
Imię i nazwisko Zabójca % Poprawnych
Evan MacMillian Trapper
90%
Sally Smithson Nurse
84%
Micheal Myers Shape
83%
Anna Huntress
82%
Były Żołnierz William "Bill" Overbeck
82%
Demogorgon Demogorgon
80%
Philip Ojomo Wraith
80%
Rin Yamaoka Spirit
78%
Frank/Julie/Susie/Joey Legion
77%
Kazan Yamaoka Oni
77%
Freddy Krueger Nightmare
76%
Pyramid Head Executioner
75%
Max Thompson Jr. HillBilly
73%
Amanda Young Pig
72%
Herman Carter Doctor
71%
Bubba Sawyer Cannibal
70%
Energiczna Atletka Meg Thomas
70%
Lisa Sherwood Hag
69%
Victor & Charlotte Deshayes Twins
69%
Ji-Woon Hak Trickster
68%
Zagorzała Botaniczka Claudette Morel
61%
Nerwowy Lider Dwight Fairfield
61%
Danny Johnson Ghost Face
61%
Potężny Mięśniak David King
59%
Adiris Plague
57%
Miejska Artystka Nea Karlsson
54%
Talbot Grimes Blight
53%
Samotny Surwiwalista Jake Park
53%
Jeffrey Hawk Clown
52%
Hazardzista Ace Visconti
46%
Caleb Quinn Deathslinger
44%
Skoncentrowana Zawodniczka Feng Min
44%
Detektyw z obsesją David Tapp
36%
Wpływowa celebrytka Jane Romero
34%
Piosenkarka Kate Denson
34%
Zdeterminowana Ocalała Laurie Strode
32%
Twarda uczesniczka wyścigów ulicznych Yui Kimura
31%
Początkująca dziennikarka Nancy Wheeler
29%
Były Sportowiec Steve Harrington
29%
Cichy artysta Jeff Johansen
28%
Zdeterminowany Lunatyk Quentin Smith
27%
Skupiona na Sobie Producentka Muzyczna Yun-Jin Lee
26%
Zaradny Nauczyciel Adam Francis
24%
Odważna Dziennikarka Zarina Kassir
24%
Badaczka Wiedzy Tajemnej Élodie Rakoto
22%
Veteran Terroru Cheryl Mason
16%
Zarozumiały samotnik Ashley "Ash" Williams
15%
Prawdziwy Wizjoner Feliks Richter
14%
Nie znaleziono quizów pasujących do podanych kryteriów
Rozkład punktacji
Procent ludzi z każdym wynikiem
Percentyl według liczby udzielonych odpowiedzi
Twoja historia wyników
Nie rozwiązałeś tego quizu